No Chances - Twenty One Pilots Lyrics - Statistics

General Stats
  • This quiz has been taken 11 times
  • The average score is 83 of 276
Answer Stats
Lyrics % Correct
chances
100%
chances
100%
no
100%
no
100%
come
83%
come
83%
for
83%
for
83%
you,
83%
you,
83%
a
67%
house,
67%
Verse 1 In
67%
Intro We
67%
We
67%
a
50%
a
50%
a
50%
and
50%
and
50%
chances
50%
chances
50%
feng
50%
foot
50%
house,
50%
In
50%
my
50%
no
50%
no
50%
on
50%
race
50%
shoes
50%
shui
50%
this
50%
we
50%
agreement
33%
arrive
33%
arrive
33%
away
33%
back
33%
ba-da-da,
33%
ba-da-da,
33%
ba-da-da,
33%
ba-da-da-bam
33%
ba-da-da-bam
33%
ba-da-da-bam
33%
blow
33%
bodies
33%
bodies
33%
come
33%
come
33%
day
33%
day
33%
die,
33%
die,
33%
door
33%
every
33%
every
33%
Feet
33%
Flamethrower,
33%
for
33%
for
33%
Get
33%
get
33%
get
33%
get
33%
good
33%
got
33%
Got
33%
got
33%
got
33%
grind
33%
grind
33%
grip
33%
home
33%
home
33%
home
33%
home
33%
Verse 2 How'd
33%
in
33%
in
33%
in
33%
in
33%
in
33%
information
33%
is
33%
is
33%
location?
33%
loose
33%
Chorus Mm,
33%
Mm,
33%
Chorus Mm,
33%
Mm,
33%
my
33%
my
33%
my
33%
my
33%
Notorious
33%
now
33%
now
33%
now
33%
now
33%
octagon,
33%
of
33%
on
33%
on
33%
on
33%
on
33%
on
33%
one
33%
one
33%
one
33%
or
33%
or
33%
outside,
33%
outside,
33%
people
33%
people
33%
piece
33%
piece
33%
piece
33%
pieces?
33%
planted
33%
Put
33%
Ride
33%
Ride
33%
say
33%
see
33%
see
33%
sell
33%
shoulders
33%
son
33%
son
33%
squared
33%
straight
33%
Surveillance
33%
Surveillance
33%
switchblade
33%
tape
33%
terms
33%
the
33%
the
33%
the
33%
the
33%
the
33%
the
33%
the
33%
the
33%
They
33%
they
33%
those
33%
to
33%
together
33%
tongue
33%
want
33%
want
33%
want
33%
want
33%
way
33%
way
33%
We
33%
We
33%
We
33%
We
33%
We
33%
We
33%
We
33%
we
33%
we
33%
We
33%
We
33%
We
33%
We
33%
when
33%
when
33%
With
33%
you
33%
you
33%
you
33%
you,
33%
you,
33%
you
33%
you
33%
you
33%
you
33%
you
33%
you're
33%
away,
17%
away)
17%
away,
17%
away)
17%
ba-da-da,
17%
ba-da-da,
17%
ba-da-da,
17%
ba-da-da,
17%
ba-da-da,
17%
ba-da-da-bam
17%
ba-da-da-bam
17%
ba-da-da-bam
17%
ba-da-da-bam
17%
ba-da-da-bam
17%
base
17%
bodies
17%
chances
17%
chances
17%
day
17%
every
17%
get
17%
got
17%
home
17%
in
17%
in
17%
Bridge Mm,
17%
Mm,
17%
Chorus Mm,
17%
Mm,
17%
no
17%
no
17%
now
17%
now
17%
on
17%
one
17%
one
17%
people
17%
piece
17%
piece
17%
(run
17%
run
17%
(run
17%
run
17%
some
17%
some
17%
spend
17%
Spent
17%
the
17%
want
17%
want
17%
way
17%
We
17%
We
17%
We
17%
We
17%
weekends
17%
weekends
17%
you
17%
you
17%
away,
0%
away)
0%
away,
0%
away)
0%
come
0%
come
0%
for
0%
for
0%
home
0%
in
0%
Mm-mm,
0%
Mm-mm,
0%
Mm-mm-mm-mm-mm
0%
Mm-mm-mm-mm-mm
0%
now
0%
one
0%
piece
0%
(run
0%
run
0%
(run
0%
run
0%
Outro We
0%
We
0%
We,
0%
we,
0%
we,
0%
yeah
0%
yeah
0%
you,
0%
you,
0%
No matching quizzes found
Score Distribution
Percent of People with Each Score
Percentile by Number Answered
Your Score History
You have not taken this quiz